000 00892nam a2200253Ia 4500
003 OSt
005 20220926012141.0
006 a|||||r|||| 00| 0
007 ta
008 220923b |||||||| |||| 00| 0 eng d
020 _a9781847880741
_c1138.8900000000001
037 _b37051, 12/03/2013, Segment Book Distrobutors
_cGeneral Book
040 _aRTL
_cRTL
_beng
041 _2eng
_aeng
082 _aY0aX:9J2, P9
100 _aMOLLONA Massimiliano
_9315623
245 0 _aIndustrial work and life
_b An anthropological reader
260 _aNew York
_bBerg
_c2009
300 _axxxvii, 482p Appendix: P 463-465
_ccm.
490 _aLondon School of Economics Monographs on Social Anthropology; v.78
650 _aSociology
942 _hY0aX:9J2, P9
_cGB
_2CC
999 _c621898
_d621898